FAO fisheries technical paper N.289 Project identification in small pelagic fisheries Indonesia, India, Thailand, Morocco

Na minha lista:
Detalhes bibliográficos
Autor principal: K H Haywood
Formato: Livro
Idioma:Undetermined
Publicado em: Rome FAO 1987
Assuntos:
Tags: Adicionar Tag
Sem tags, seja o primeiro a adicionar uma tag!
Thư viện lưu trữ: Trung tâm Học liệu Trường Đại học Cần Thơ
LEADER 00579nam a2200193Ia 4500
001 CTU_4091
008 210402s9999 xx 000 0 und d
082 |a 639 
082 |b F533/N.289 
100 |a K H Haywood 
245 0 |a FAO fisheries technical paper N.289 
245 0 |b Project identification in small pelagic fisheries Indonesia, India, Thailand, Morocco 
245 0 |c K H Haywood 
260 |a Rome 
260 |b FAO 
260 |c 1987 
650 |a fisheries 
904 |i Nguyễn Quang Điền, 960530 
980 |a Trung tâm Học liệu Trường Đại học Cần Thơ